Modern and contemporary drama / (Record no. 27791)

MARC details
000 -LEADER
fixed length control field 01552cam a22003615i 4500
001 - CONTROL NUMBER
control field 2507314
003 - CONTROL NUMBER IDENTIFIER
control field EG-ScBUE
005 - DATE AND TIME OF LATEST TRANSACTION
control field 20191209120235.0
008 - FIXED-LENGTH DATA ELEMENTS--GENERAL INFORMATION
fixed length control field 930511t19941994nyua f b 000 0 eng d
020 ## - INTERNATIONAL STANDARD BOOK NUMBER
International Standard Book Number 9780312090777
020 ## - INTERNATIONAL STANDARD BOOK NUMBER
International Standard Book Number 0312090773 (pbk.)
040 ## - CATALOGING SOURCE
Original cataloging agency DLC
Language of cataloging eng
Description conventions rda
Transcribing agency DLC
Modifying agency DLC
-- EG-ScBUE
082 04 - DEWEY DECIMAL CLASSIFICATION NUMBER
Classification number 808.8204
Item number MOD
Edition number 22
245 00 - TITLE STATEMENT
Title Modern and contemporary drama /
Statement of responsibility, etc [edited by] Miriam Gilbert, University of Lows, Carl H. Klaus, University of Lows, Bradford S. Field, Jr, Wayne State University ; theatrical illustrations by A. G. Smith, University of Windsor.
264 #1 - PUBLICATION, DISTRIBUTION, ETC. (IMPRINT)
Place of publication, distribution, etc New York :
Name of publisher, distributor, etc St. Martinʼs Press,
Date of publication, distribution, etc [1994]
264 #4 - PUBLICATION, DISTRIBUTION, ETC. (IMPRINT)
Date of publication, distribution, etc c1994
300 ## - PHYSICAL DESCRIPTION
Extent viii, 888 pages :
Other physical details illustrations ;
Dimensions 24 cm
336 ## - CONTENT TYPE
Content type term text
Content type code txt
Source rdacontent
337 ## - MEDIA TYPE
Media type term unmediated
Media type code n
Source rdamedia
338 ## - CARRIER TYPE
Carrier type term volume
Carrier type code nc
Source rdacarrier
500 ## - GENERAL NOTE
General note Includes appendix.
520 ## - SUMMARY, ETC.
Summary, etc This anthology offers a collection of 28 outstanding modern and contemporary plays. Introductions to each period and dramatist along with photographs and reviews give students a sense of how the plays are staged and witnessed.
650 #7 - SUBJECT ADDED ENTRY--TOPICAL TERM
Topical term or geographic name as entry element Drama
Chronological subdivision 20th century.
Source of heading or term BUEsh
650 #7 - SUBJECT ADDED ENTRY--TOPICAL TERM
Topical term or geographic name as entry element Theater
General subdivision Reviews.
Source of heading or term BUEsh
653 ## - INDEX TERM--UNCONTROLLED
Resource For college Humanities: English
Arrived date list November2019
655 ## - INDEX TERM--GENRE/FORM
Form subdivision Reading book
700 1# - ADDED ENTRY--PERSONAL NAME
Personal name Gilbert, Miriam,
Relator term editor.
700 1# - ADDED ENTRY--PERSONAL NAME
Personal name Klaus, Carl H.,
Relator term editor.
700 1# - ADDED ENTRY--PERSONAL NAME
Personal name Field, Bradford S.,
Relator term editor.
700 1# - ADDED ENTRY--PERSONAL NAME
Personal name Smith, A. G.,
Relator term illustrator.
856 42 - ELECTRONIC LOCATION AND ACCESS
Materials specified Publisher description
Uniform Resource Identifier <a href="http://www.loc.gov/catdir/enhancements/fy0601/92062771-d.html">http://www.loc.gov/catdir/enhancements/fy0601/92062771-d.html</a>
942 ## - ADDED ENTRY ELEMENTS (KOHA)
Source of classification or shelving scheme Dewey Decimal Classification
Koha item type Book - Borrowing
Holdings
Withdrawn status Lost status Source of classification or shelving scheme Damaged status Not for loan Collection code Home library Current library Shelving location Date acquired Source of acquisition Cost, normal purchase price Total Checkouts Full call number Barcode Date last seen Cost, replacement price Price effective from Koha item type
    Dewey Decimal Classification     Baccah Central Library Central Library Second Floor 21/11/2019 Purchase 3500.00   808.8204 MOD 000048272 15/07/2025 4375.00 21/11/2019 Book - Borrowing